000
00286nam a2200097Ia 4500
005
20250424112908.0
008
250424s9999 xx 000 0 und d
300
_a
ii, 132 p. :ill. ; 28 cm.
650
_a
Medicine--Nigeria--Periodicals. Medicine. Medicine. Nigeria. Nigeria.
942
_c
SR
999
_c
37750
_d
37750